000
00335 a2200157 4500
001
59984
020
_a
858726387
040
_c
Anchieta - Pituba
100
_a
Lyra, Itaberaba
240
1
0
_a
Já dizia minha avó...
_l
por
245
1
0
_a
Já dizia minha avó...
300
_a
268
362
0
_a
2004
650
4
_a
Folclore
942
_c
BK
999
_c
59984
_d
59984